000 00871nam a22002537a 4500
005 20170124110241.0
010 _a923572
020 _c00.00
035 _a923572
037 _bCen Lib/Ret
040 _aDPL
_bEN
082 _a745.44954
_bBHA
100 _aBhavani, Enakshi
_994973
245 _aDescriptive designs on stone and wood in india /
_cby Enakshi Bhavani ; illustrated by Percy B. Bhathenna
246 _b
260 _aBombay
_bTaraporevala Sons & Co.
_c1978
270 _bBombay
_a210, Dr. Dadabhai Naoroji road
300 _aviii, 67p. :
_c28cm(Hb)
_bill.
500 _aIncludes glossary, bibliographical references and index
650 _aPictorial ornaments on stone -- History -- India
_994974
650 _aRichness of Sculpture
_994975
700 _aBhathenna, Percy B.
_994976
942 _2ddc
_cEN
_h745.44954
_mBHA
999 _c135181
_d135181